000 00725nam a2200217Ii 4500
003 JO-AjNU
008 230606s9999||||xx |||||||||||||| ||und||
020 _a978-1-292-21548-8/1-292-21548-8
040 _aJO-AjNU
_beng
_erda
_cJO-AjNU
041 _aeng
050 1 4 _aHD30.28.W43 2018
100 3 _aWheelen, Thomas L., J. David Hunger, Alan N. Hoffman, Charles E. Bamford ,
_eauthor
_95905
245 0 0 _aStartegic Management and Business Policy: Globalization, Innovation and Sustainability
250 _a15 ed
264 3 1 _aNew York: Person, 2018
300 _a808p
336 _atext
_btxt
_2rdacontent
337 _aunmediated
_bn
_2rdamedia
338 _avolume
_bnc
_2rdacarrier
650 4 _aManagement
_95906
999 _aE3064
_c3061
_d3061